One Second Per Answer - Alphabet Number Match - Statistics

General Stats
  • This quiz has been taken 14 times
  • The average score is 10 of 26
Answer Stats
Hint Answer % Correct
3 C
73%
5 E
73%
6 F
64%
9 I
64%
1 A
55%
7 G
55%
11 K
55%
2 B
45%
4 D
45%
8 H
45%
10 J
45%
26 Z
45%
17 Q
36%
12 L
27%
13 M
27%
14 N
27%
24 X
27%
25 Y
27%
15 O
18%
18 R
18%
19 S
18%
20 T
18%
21 U
18%
22 V
18%
23 W
18%
16 P
9%
No matching quizzes found
Score Distribution
Percent of People with Each Score
Percentile by Number Answered
Your Score History
You have not taken this quiz